PártyPusy
Nela má pätnásť a chce konečne uskutočniť svoju misiu - chce TO prvýkrát zažiť. Nie je párty u Vinceho perfektná príležitosť?
| Main Author: | |
|---|---|
| Other Authors: | |
| Format: | CD Audio |
| Language: | Slovak German |
| PhysicalDescription: | 1 elektronický optický disk (CD-ROM) digitál., mono., MP3 12 cm |
| Published: |
Levoča
Slovenská knižnica pre nevidiacich Mateja Hrebendu
2011
|
| ISBN: | 9788081108372 |
| Subjects: |
MARC
| LEADER | 00000cim a2200000 a 4500 | ||
|---|---|---|---|
| 001 | vtls010212115 | ||
| 003 | SK-MaSNL | ||
| 005 | 20260301084251.0 | ||
| 007 | sd fmngnnmmned | ||
| 008 | 180809s2011 xo nnnnfs f n slo | ||
| 015 | |a SNBJ2013 | ||
| 020 | |a 9788081108372 |q (CD-ROM) | ||
| 040 | |a SNK |b slo |c SNK |e AACR2 | ||
| 041 | 1 | |a slo |h ger | |
| 044 | |a xo |c SK | ||
| 072 | 7 | |a 821.112.2-3 |x Nemecká próza, nemecky písaná |2 konspekt | |
| 080 | |a 821.112.2-31 |2 2001 | ||
| 080 | |a (086.7.053.2) |2 2001 | ||
| 080 | |a (086.76) |2 2001 | ||
| 100 | 1 | |a Gehm, Franziska, |d 1974- |4 aut |9 131265 | |
| 245 | 1 | 0 | |a PártyPusy |h elektronický zdroj |c Gehm, F. |
| 260 | |a Levoča |b Slovenská knižnica pre nevidiacich Mateja Hrebendu |c 2011 | ||
| 300 | |a 1 elektronický optický disk (CD-ROM) |b digitál., mono., MP3 |c 12 cm | ||
| 306 | |a 040000 | ||
| 511 | 0 | |a Načítala: Ivana Klemová | |
| 518 | |a Načítané v Levoči v r. 2010 | ||
| 520 | 8 | |a Nela má pätnásť a chce konečne uskutočniť svoju misiu - chce TO prvýkrát zažiť. Nie je párty u Vinceho perfektná príležitosť? | |
| 521 | |a Pre nevidiacich a slabozrakých | ||
| 655 | 7 | |a nemecké romány |2 SNKPH |9 70433 | |
| 655 | 7 | |a zvukové záznamy pre deti a mládež |2 SNKPH |9 70694 | |
| 655 | 7 | |a CD-ROM |2 SNKPH |9 70236 | |
| 655 | 7 | |a German fiction |2 SNKPHeng |9 278913 | |
| 655 | 7 | |a Juvenile sound recordings |2 SNKPHeng |9 325774 | |
| 700 | 1 | |a Klemová, Ivana |4 nrt |9 330361 | |
| 919 | |a 978-80-8110-837-2 | ||
| 958 | |a SX | ||
| 958 | |a LX | ||
| 958 | |a UP | ||
| 999 | |c 662939 |d 664869 | ||
| 952 | |a SNK |b SNK |y PREZ |7 0 |p 17A0703063 |o snkSCDM 3838 |i snk2011/11498 |8 0 |0 0 |1 0 |4 0 |d 2011-05-19 |l 0 |r 2026-02-23 18:59:28 |w 2026-02-23 | ||


